Historical sketch (Record no. 93067)

MARC details
000 -LEADER
fixed length control field 00807cam a2200217 4500
001 - CONTROL NUMBER
control field ##E508
008 - FIXED-LENGTH DATA ELEMENTS--GENERAL INFORMATION
fixed length control field 1946
035 ## - SYSTEM CONTROL NUMBER
System control number (Sirsi) u52433
041 0# - LANGUAGE CODE
Language code of text/sound track or separate title eng
050 04 - LIBRARY OF CONGRESS CALL NUMBER
Classification number 333.0062 $2 18
110 2# - MAIN ENTRY--CORPORATE NAME
Corporate name or jurisdiction name as entry element Royal Institution of Chartered Surveyors
9 (RLIN) 4900
245 00 - TITLE STATEMENT
Title Historical sketch
260 ## - PUBLICATION, DISTRIBUTION, ETC.
Place of publication, distribution, etc. London
Name of publisher, distributor, etc. RICS
Date of publication, distribution, etc. 1946
300 ## - PHYSICAL DESCRIPTION
Extent 10p.
Dimensions 21cm.
350 ## - PRICE (NR) (BK AM CF MU VM SE) [OBSOLETE]
Price 10p.
520 ## - SUMMARY, ETC.
Summary, etc. Presents an overview of the history and intellectual advancement of the surveying profession. It also summarises how the Royal institution of Chartered Surveyors was founded, how it has grown, its public standing and professional codes of conduct. Reprinted from the RICS Journal, July 1946.
651 #4 - SUBJECT ADDED ENTRY--GEOGRAPHIC NAME
Geographic name Great Britain
Chronological subdivision 1707-
690 ## - LOCAL SUBJECT ADDED ENTRY--TOPICAL TERM (OCLC, RLIN)
Topical term or geographic name as entry element ABOUT RICS
942 ## - ADDED ENTRY ELEMENTS (KOHA)
Suppress in OPAC 0
948 ## - LOCAL PROCESSING INFORMATION (OCLC); SERIES PART DESIGNATOR (RLIN)
c (OCLC) 04/03/1997
Holdings
Withdrawn status Lost status Source of classification or shelving scheme Damaged status Not for loan Home library Current library Shelving location Date acquired Total Checkouts Full call number Barcode Date last seen Copy number Price effective from Koha item type Public note
    Dewey Decimal Classification     Historic collection Historic collection RICS Boxes 24/03/2006   RICS 1946 52433-3001 06/08/2019 1 06/08/2019 Reference material  
    Dewey Decimal Classification     Historic collection Historic collection RICS Boxes 24/03/2006   RICS 1946 52433-3002 06/08/2019 2 06/08/2019 Reference material  
    Dewey Decimal Classification     Historic collection Historic collection Books 24/03/2006   RICS 1946 52433-3003 06/08/2019 3 06/08/2019 Reference material Located in the 'about the RICS' collection in the main library
    Dewey Decimal Classification     Historic collection Historic collection RICS Boxes 31/05/2006   RICS 1946 52433-3004 06/08/2019 4 06/08/2019 Reference material